Alternatívy si hľadajú cestu

Rastlinné alternatívy mliečnych a mäsových produktov sú jednou z najrýchlejšie rastúcich kategórií. Dôvod je prostý, nie je to až tak dávno, čo sa vôbec začali zjavovať na pultoch a z nuly sa, pochopiteľne, rastie najrýchlejšie. Aj keď špecializácia na rastlinné alternatívy zatiaľ nemá na Slovensku...

Ausführliche Beschreibung

Gespeichert in:
Bibliographische Detailangaben
1. Verfasser: Kapitán, Peter
Format: Buchkapitel
Sprache:Slowakisch
Schlagworte:
Tags: Tag hinzufügen
Keine Tags, Fügen Sie das erste Tag hinzu!

MARC

LEADER 00000naa a2200000 4500
001 0297756
005 20240417075257.9
041 0 |a slo 
044 |a CZ 
245 1 0 |a Alternatívy si hľadajú cestu  |c Peter Kapitán 
520 |a Rastlinné alternatívy mliečnych a mäsových produktov sú jednou z najrýchlejšie rastúcich kategórií. Dôvod je prostý, nie je to až tak dávno, čo sa vôbec začali zjavovať na pultoch a z nuly sa, pochopiteľne, rastie najrýchlejšie. Aj keď špecializácia na rastlinné alternatívy zatiaľ nemá na Slovensku význam, bez vyhradeného priestoru pre tento typ tovaru obchodník prichádza o nemalú časť zákazníkov. Dáta prieskumných agentúr aj výrobcov totiž ukazujú, že to nie sú len vegáni a vegetariáni, kto nahrádza mäso či syr vo svojom košíku. 
610 2 0 |a výrobky rastlinné 
610 2 0 |a štýl životný 
610 2 0 |a dopyt spotrebiteľský 
610 2 0 |a zelenina 
610 2 0 |a preferencie spotrebiteľské 
610 2 0 |a sortiment tovaru 
100 1 |a Kapitán, Peter